00455 2200169 4500001002100000005001500021035002000036245007800056100001200134250000600146300003200152260004500184082000800229084001400237020002200251990001200273INLIS00000000000336620260211125021 a0010-02260000321 aBUDIDAYA DAN MANFAAT :bTemu Giring, Temu Hitam dan Temu Lawak /cKardono0 aKardono a1 a58 hlm :bs ;c17,5 x 25 cm aJakarta :bPT. Armandelta Selaras,c2010 a630 a630 KAR b a978-979-050-085-3 a0750957